000 00700nam a22002177i 4500
003 DO-SdBNP
005 20231114143942.0
006 a||||gr|||| 00| 0
007 ta
008 231114b200? dr a|||| |||| 00| 0 spa d
040 _aDO-SdBNP
_bspa
_cBNPHU
_erda
082 4 _222
_bC965p
100 1 _aCueli, José,
_950868
_eautor
245 1 0 _aProyecto de vida:
_btemas de formación integral humana y religiosa tercer año del bachillerato. /
_cJosé Cueli
264 _aSanto Domingo :
_bmsc,
_c[200?]
300 _a188 páginas :
_bIlustraciones ;
_c28 cm.
500 _aTercer año del bachillerato.
504 _aBibliografía: página 169
590 _aInventariado 2023 / MF
942 _2ddc
_cLBS1
999 _c55496
_d55496